Find the odd logo out #5 - Statistics

General Stats
  • This quiz has been taken 35 times
    29 since last reset
  • The average score is 6 of 10
Answer Stats
Question Answer % Correct
Crocodiles in wearables
83%
Cars starting with the letter 'C'
83%
Game of Thrones Sigils
67%
Edible 'K's
67%
Chain stores
67%
Brand names starting with the letter 'M'
67%
Language learning app
50%
Clothing brand horses
50%
Non alchoholic 'i's
50%
National sports teams of England
33%
No matching quizzes found
Score Distribution
Percent of People with Each Score
Percentile by Number Answered
Your Score History
You have not taken this quiz since the last reset